La transformación del Estado en América Latina. Desarrollo histórico y visión del futuro

Збережено в:
Бібліографічні деталі
Автор: Ottone, Ernesto
Формат: Текст
Опубліковано: s.l.: s.e.
Теги: Додати тег
Немає тегів, Будьте першим, хто поставить тег для цього запису!

MARC

LEADER 00000 a a2200000 04500
001 24745
003
040
090 |a 177300  
100 |a Ottone, Ernesto  
245 |a La transformación del Estado en América Latina. Desarrollo histórico y visión del futuro  
260 |a s.l.:   |b s.e.  
300 |a 12 p.  
999 |c 8751  |d 8751